000 00389nam a2200169Ia 4500
001 25482
003 IN-NITTTR
005 20251114233323.0
008 251113s9999||||xx |||||||||||||| ||eng||
040 _beng
040 _cIN-NITTTR
041 _aeng
082 _a915.404 J334 I
100 _aJayapalan, N.
245 3 _aAn introduction to tourism /
_cJayapalan, N.
942 _2ddc
_cBK
999 _c28111
_d28111